000 00261nmm a2200085Ia 4500
008 220120s9999||||xx |||||||||||||||||und||
100 _aOpen source for you
245 0 _aDebian 8 genome, ubuntu 15.04, ubuntu server, kubuntu 15.04,
260 _aCyber media Pvt. Ltd.
999 _c139972
_d139972